000 00362nam a2200157Ia 4500
003 OSt
005 20240220121926.0
008 170524s9999 xx 000 0 und d
020 _a: ‎ 978-0873892582
040 _cIIMT UNIVERSITY
100 _aLowenthal JN
245 0 _aRe-Engineering the Organization
260 _bTMH
260 _c1996
942 _2ddc
_c02
999 _c5034
_d5034